Analýza rozmerov ceckových gúm využívaných v prevádzkových podmienkach

Bibliographic Details
Main Authors: Karas, Ivan, 1942- (Author), Gálik, Roman, 1969- (Author), Škulec, Rastislav (Author), Lobotka, Jozef, 1939- (Author)
Format: Article
Language:Slovak
PhysicalDescription:Obr., tab.
ISSN:0551-3677
Subjects:

MARC

LEADER 00000nab a2200000Ia 4500
001 vtls000799567
003 SK-MaSNL
005 20260304131740.0
008 250429|2002 xo 0 slo
015 |a SNBRB2002/07-22181 
035 |a CLN000151222 
035 |a urn:nbn:sk:snk-ab1gke 
035 |a (urnnbn)urn:nbn:sk:snk:ar-003kni 
035 |a (uuid)4a886972-6c1f-4bf7-873c-27e575dd01f6 
040 |a SNKBUCL  |b slo  |c SNKBUCL  |e AACR2 
041 0 |a slo 
044 |a xo  |c SK 
080 |a 637.115  |2 1997 
080 |a 63  |2 2001 
080 |a (048.83)  |2 2001 
100 1 |a Karas, Ivan,  |d 1942-  |4 aut  |9 92153 
245 1 0 |a Analýza rozmerov ceckových gúm využívaných v prevádzkových podmienkach  |c Ivan Karas ... [et al.] 
300 |b Obr., tab. 
504 |a Bibliogr. odkazy 
546 |a Res. slov. 
650 0 7 |a technika dojacia  |x podtlak  |x gumy ceckové  |x rozmery  |x analýzy  |2 snkbucl  |9 1445520 
650 0 7 |a súpravy dojacie  |x podtlak  |x gumy ceckové  |2 snkbucl  |9 1445521 
650 0 7 |a podtlak  |2 SNK  |9 1131987 
650 0 7 |a poľnohospodárstvo  |2 SNKPH  |9 679 
650 0 7 |a analýzy  |2 SNKPH  |9 402972 
655 7 |a články z novín a časopisov  |2 snkbucl  |9 267496 
700 1 |a Gálik, Roman,  |d 1969-  |4 aut  |9 188648 
700 1 |a Škulec, Rastislav  |4 aut  |9 734751 
700 1 |a Lobotka, Jozef,  |d 1939-  |4 aut  |9 38939 
773 0 |t Agriculture  |g Roč. 48, č. 4 (2002), s. 217-224  |x 0551-3677 
850 |a Slovenská národná knižnica 
852 |a Slovenská národná knižnica 
954 |a odborná, vedecká literatúra pôvodná (slovenská)  |2 lita 
958 |a article27 
958 |a OND 
958 |a NB 
958 |a EUIPO 
992 |a RBX 
999 |c 2897608  |d 2899538